KONTAKTNÍ KOPŘIVKY

Podrobná bibliografia
Hlavný autor: Viktorinová, Marie (Autor)
Médium: Článok
Jazyk:slovenčina
čeština

MARC

LEADER 00000nab a22000007a 4500
001 vtls010672432
003 SK-MaSNL
005 20260304184347.0
008 250708s2008 xo |||||||||||||||||slo|
035 |a (urnnbn)urn:nbn:sk:snk:ar-a06aph 
035 |a (uuid)5174ab76-e11b-478b-a811-8da84815b0ee 
035 |a urn:nbn:sk:snk-ab18ll 
040 |a SNKBUCL  |b slo  |c SNKBUCL  |e AACR2 
041 0 |a cze 
044 |a xo  |c SK 
100 1 |a Viktorinová, Marie  |4 aut  |9 1276151 
245 1 0 |a KONTAKTNÍ KOPŘIVKY  |c Marie Viktorinová 
773 0 |t Dermatológia pre prax  |g Roč. 2, č. 1 (2008), s. 22-26 
850 |a Slovenská národná knižnica 
852 |a Slovenská národná knižnica 
954 |a odborná, vedecká literatúra cudzojazyčná (svetová)  |2 lita 
958 |a article 
958 |a OND 
958 |a EUIPO 
999 |c 3037726  |d 3039656